Εκτός σχεδίου
Αποθηκεύτηκε σε:
| Κύριος συγγραφέας: | |
|---|---|
| Μορφή: | Βιβλίο |
| Γλώσσα: | Greek |
| Δημοσίευση: |
Αθήνα :
Ίκαρος,
2005.
|
| Θέματα: | |
| Ετικέτες: |
Προσθήκη ετικέτας
Δεν υπάρχουν, Καταχωρήστε ετικέτα πρώτοι!
|
MARC
| LEADER | 00000cam a2200000 i 4500 | ||
|---|---|---|---|
| 001 | 1/89154 | ||
| 008 | 051115s2005 gr | ||| |||| ||gre|| | ||
| 020 | |a 960839905X | ||
| 035 | |l 10081257 | ||
| 040 | |a GR-MyUa |b gre |e AACR2 | ||
| 041 | 0 | |a gre | |
| 082 | 7 | |a 889.3 |2 (22) | |
| 100 | 1 | |a Δημουλά, Κική, |d 1931-2020. | |
| 245 | 1 | 0 | |a Εκτός σχεδίου / |c Κική Δημουλά. |
| 260 | |a Αθήνα : |b Ίκαρος, |c 2005. | ||
| 300 | |a 157 σ. ; |c 23 εκ. | ||
| 500 | |a Το παράρτημα της Βιβλιοθήκης Σύρου, έχει την 3η έκδ. | ||
| 650 | 0 | |a Greek fiction. | |
| 852 | |a INST |b SYROS |e 20051115 |h 889.3 ΔΗΜ |p 005500005136 |q 005500005136 |t BK |y 0 | ||
| 901 | |a BIBL5-2005-3 | ||
| 922 | |a 5ΕΛΗ |b 200511 |c Βιβλιοθήκη Σύρου |d Σελεφαΐς | ||
| 970 | |a Καγιαβά |b Ειρήνη |z 26/05/2006 | ||